000 00305nam a2200133Ia 4500
005 20251222153617.0
008 251222s9999||||xx |||||||||||||| ||spa||
020 _a8880253735
082 _a248/C46
245 0 _aLa Preghiera Cristiana
250 _a1ra.ed.
264 _bCentro Ambrosiano
942 _cLIB
999 _c31819
_d31819